Statistics for Celtic languages with a map

Click here to take the quiz!

General Stats

  • This quiz has been taken 55 times
  • The average score is 5 of 6

Answers on the Map

Answers color-coded by a green-red scale on the quiz's map according to % correct below.
 

Answer Stats

Answer% Correct
Irish
100%
Welsh
98%
Breton
92%
Cornish
92%
Manx
86%
Scottish Gaelic
74%

Score Distribution

Percentile by Number Answered

Percent of People with Each Score

Your Score History

You have not taken this quiz